Interný marketing - efektívny nástroj zvyšovania konkurencieschopnosti firmy na trhu
Význam aplikovania interného marketingu v praxi spojený so zmenou chápania vzťahu existujúceho medzi zamestnávateľom a jeho zamestnancami. Zamestnanci ako interní zákazníci firmy. Význam a podstata interného marketingu. Charakteristika interného marketingu podľa niektorých autorov. Základné ciele in...
Salvato in:
| Autore principale: | |
|---|---|
| Natura: | Capitolo di libro |
| Lingua: | slovacco |
| Soggetti: | |
| Tags: |
Nessun Tag, puoi essere il primo ad aggiungerne!!
|
MARC
| LEADER | 00000naa$a2200000$$$4500 | ||
|---|---|---|---|
| 001 | 0038105 | ||
| 005 | 20230907083221.5 | ||
| 041 | 0 | |a slo | |
| 044 | |a SK | ||
| 245 | 1 | 0 | |a Interný marketing - efektívny nástroj zvyšovania konkurencieschopnosti firmy na trhu |c Martin Čihovský |
| 520 | |a Význam aplikovania interného marketingu v praxi spojený so zmenou chápania vzťahu existujúceho medzi zamestnávateľom a jeho zamestnancami. Zamestnanci ako interní zákazníci firmy. Význam a podstata interného marketingu. Charakteristika interného marketingu podľa niektorých autorov. Základné ciele interného marketingu. Marketingové nástroje interného marketingu. | ||
| 610 | 2 | 0 | |a marketing interný |
| 610 | 2 | 0 | |a nástroje marketingové |
| 610 | 2 | 0 | |a zamestnávatelia |
| 610 | 2 | 0 | |a zamestnanci |
| 610 | 2 | 0 | |a firmy |
| 610 | 2 | 0 | |a kultúra podniková |
| 610 | 2 | 0 | |a prostredie pracovné |
| 610 | 2 | 0 | |a podmienky pracovné |
| 610 | 2 | 0 | |a motivácia |
| 610 | 2 | 0 | |a komunikácia firemná |
| 610 | 2 | 0 | |a komunikácia interná |
| 610 | 2 | 0 | |a konkurencieschopnosť |
| 100 | 1 | |a Čihovský, Martin | |